Los adornos en las obras de J. S. Bach
Kaydedildi:
| Yazar: | |
|---|---|
| Materyal Türü: | Kitap |
| Dil: | İspanyolca |
| Baskı/Yayın Bilgisi: |
Buenos Aires
Ricordi Americana
1989
|
| Konular: | |
| Etiketler: |
Etiketle
Etiket eklenmemiş, İlk siz ekleyin!
|
MARC
| LEADER | 00000nam a2200000 a 4500 | ||
|---|---|---|---|
| 001 | UCL5539 | ||
| 003 | CL-VaPUC | ||
| 005 | 20231013114758.0 | ||
| 008 | 040312e19890000AG |||||||||||||||||spa|d | ||
| 999 | |c 308064 |d 308062 | ||
| 020 | |a 9502202708 | ||
| 040 | |c Pontificia Universidad Católica de Valparaíso | ||
| 082 | 0 | 4 | |a 781.54 GRA 1989 |2 21 |
| 100 | |a Graetzer, Guillermo |e author |9 630361 | ||
| 245 | 1 | 4 | |a Los adornos en las obras de J. S. Bach |
| 260 | |a Buenos Aires |b Ricordi Americana |c 1989 | ||
| 300 | |a 96 p | ||
| 583 | |a last modification |c 20040312 00:00:00 |k Rodrigo Vera | ||
| 650 | 0 | |a Interpretación musical |9 458698 | |
| 650 | 0 | |a Teoría musical |9 265760 | |
| 942 | |c BK |2 ddc | ||
| 945 | |d 20040312 00:00:00 |a cmena | ||
| 952 | |0 0 |1 0 |2 ddc |4 0 |6 781_540000000000000_GRA_1989 |7 0 |8 A |9 374296 |a BIBEDU |b BIBEDU |d 2019-11-21 |i 3982327 |o 781.54 GRA 1989 |p 3982327 |r 2023-01-12 |w 2019-11-21 |y BK |k MUS | ||